00797nam a2200193 a 450000100100000000500170001000800410002702000150006804000250008310000350010824500990014326000720024230000110031449000440032571000610036983000510043095201050048199900170058600003937420201002031623.0130625s1979 sp 000 0 spa d a8400044983 aDO-SdBNPbspacBNPHU1 aFernande Tejero, Emilia96557610aTexto Hebreo biblico de Sefarad en el Minhat Say de Y. S de Norzi /cEmillia Fernandez Tejero. aMadrid :bConsejo Superior de Investigación Científicas,c1979. c28 cm.1 aTextos y estudios Cardenal Cisnerosv242 aConsejo Superior de Investigación Científicas963831 0aTextos y estudios Cardenal Cisnerosv24965577 001050718MOaGRbGRcCTd2013-06-25iLF1l0o p39374-10r2020-06-25w2020-06-25y1ZNo se presta c38864d38864